000 00965cam a2200229 4500
008 020529n2002 000 0 eng u
020 _a0727731076
035 _a(Sirsi) u118212
041 _aeng.
050 _a344.410465
100 _aPerry, P.
245 _aCDM questions and answers: a practical approach
250 _a2nd ed.
260 _aLondon
_bThomas Telford
_c2002
300 _axxvi,332p.
_c22cm.
350 _a35
520 _aProvides practical guidelines on how to interpret and comply with the Construction (Design and Management) Regulations 1994 (CDM) , which still cause confusion to many involved with contruction projects. The text asks questions and gives answers for project stages, rather than specifically for duty holders.
650 _aCONSTRUCTION (DESIGN AND MANAGEMENT) REGULATIONS 1994
650 _aCONSTRUCTION (DESIGN AND MANAGEMENT) REGULATIONS 1994
690 _aBUILT ENVIRONMENT-BUILDING STANDARDS
942 _n0
999 _c102112
_d102112